Регионална библиотека "Любен Каравелов" - Русе

Социална психология (Запис номер 9313)

MARC детайли
000 -Лидер
Контролно поле с фиксирана дължина 01552nam a2200337 c 4500
003 - Код на организацията, давaща контролен номер
Контролно поле BLK
005 - Дата и час на последна редакция
Контролно поле 20231117145059.0
008 - Елементи от данни с фиксирана дължина
fixed length control field 180412b bul|||||r ||||||| ||bul||
010 ## - Наследен системен номер
LC control number KNG00010725000
020 ## - Международен стандартен номер на книга ISBN
Международен стандартен номер на книга ISBN 954-799-572-3
-- издат.: Варненски свободен унив. Черноризец Храбър - (грешен)
040 ## - Източник на каталожния запис
Идентификатор на билиотеката - собственик на записа BLK
041 ## - Код за език
Код за езика на текст/звукозапис или на отделно заглавие Български
Код за езика КДБФ Български
080 ## - УДК
Текстов определител УДК Социално поведение. Социална психология
УДК код - определител по УДК 316.6
УДК определител (075.8)
УДК - код + определител 316.6(075.8)
100 1# - Редна дума - Автор
Автор Тодорова, Елка Николаева
Авторска отговорност първи автор
R(LIN) 364274
139 ## - Редно поле
Редна дума Тодорова, Елка Николаева
Авторски знак Тодо - Т 64
245 10 - Сведения за заглавието
Заглавие Социална психология
Подзаглавни данни Учебник за студенти от ВУЗ
Редно поле (дума) Елка Николаева Тодорова.
257 ## - Страна на издаване
Страна на създаване/издаване България
260 ## - Област на издателските данни
-- Варна
Име на издателя, разпространителя и проч. Варненски свободен унив. Черноризец Храбър
Година на издаване 1995
300 ## - Физическа характеристика
Страници 361 с.
Илюстрации и др. със сх., диагр.
Размери/Мащаб 24 см
380 ## - Жанр
Жанр Обществени науки
500 ## - Общи забележки
Забележка В кн. означено 2. доп. изд. - Библиогр. с. 349-355 ; Предм. показалец.
650 #4 - Допълнително описание по предмет – тема
Основно описание – тема или топоним Социална психология - учебници за ВУЗ
9 (RLIN) 250709
653 ## - Ключова дума – ненормативна
Ключова дума социална психология
653 ## - Ключова дума – ненормативна
Ключова дума учебници за ВУЗ
852 ## - Местоположение
Форматна сигнатура Цб 185468
856 4# - Електронен адрес и достъп
Електронен формат pdf - файл
Път до файла /url/
856 4# - Електронен адрес и достъп
Електронен формат pdf - файл
Път до файла /url/
942 ## - АРТИКУЛИ
Вид на библиотечния материал Книги
Скрит в OPAC Не
Koha issues (borrowed), all copies 4
944 ## - СЪЗДАВАНЕ И РЕДАКЦИЯ на ЗАПИСА
Създаване/Редакция Създаване
Дата на регистрацията/редакция 15.01.2003
Служител, извършил регистрацията/редакцията 30535
Статус, дата на статуса Христина Везирева
944 ## - СЪЗДАВАНЕ И РЕДАКЦИЯ на ЗАПИСА
Създаване/Редакция Редакция
Дата на регистрацията/редакция 08.10.2015
Служител, извършил регистрацията/редакцията Милена_Ачева
999 ## - СИСТЕМНИ КОНТРОЛНИ НОМЕРА
Koha biblionumber 9313
Koha biblioitemnumber 9313
Наличности
Код за отписване Код за изгубен артикул Източник на класификационната схема Код за повреда Коз за рестрикции Код за отдаване Артикулен № Име на библиотеката - собственик Име на библиотеката, в която се намира в момента Статус (Текущо местоположение) Дата на вписване в системата Местоположение - отдел Цена в лева Инвентарен номер Систематично азбучна сигнатура Баркод Номер на екземпляра Цена в евро Служебен тип на артикула Служебна бележка
  Не е изгубен Universal Decimal Classification Не е повреден без рестрикции ползва се в читалня 16165 Регионална библиотека "Любен Каравелов" Русе Регионална библиотека "Любен Каравелов" Русе Хранилище 2001-01-01 Хранилище 0.90 619797 Цб 185468 120000619797 1 0.46 Книги  
  Не е изгубен Universal Decimal Classification Не е повреден без рестрикции ползва се в читалня 16166 Регионална библиотека "Любен Каравелов" Русе Регионална библиотека "Любен Каравелов" Русе Читалня 2001-01-01 Читалня 1.20 622868 Ч 316/Т 64 120000622868 2 0.61 Книги Дата инв: 22.03.2017 Бележки инв: Ч2017
Vip Innovations Ltd, Rousse, Bulgaria 2025